000 01175pam a2200337 a 4500
001 4887181
003 OSt
005 20140310184450.0
008 930419s1994 nyua j 000 1 eng
010 _a 93011032
020 _a059020307X
040 _aDLC
_cDLC
_dDLC
042 _alcac
050 0 0 _aPZ 8.3
_b.F6378Bar 1995
100 1 _aFleming, Denise,
_d1950-
_927950
245 1 0 _aBarnyard banter /
_cDenise Fleming.
250 _a1st ed.
260 _aNew York :
_bHolt,
_c1995.
300 _bcol. ill. ;
_c28 cm.
521 _aBR
526 _cBR
650 1 _aDomestic animals
_xFiction.
_927951
650 1 _aAnimal sounds
_xFiction.
_927952
650 1 _aStories in rhyme.
_95554
856 4 2 _3Contributor biographical information
_uhttp://www.loc.gov/catdir/bios/hol056/93011032.html
856 4 2 _3Publisher description
_uhttp://www.loc.gov/catdir/description/hol054/93011032.html
906 _a7
_bcbc
_corignew
_d1
_eocip
_f19
_gy-gencatlg
942 _2lcc
_cBK-SCHOLAS
999 _c34566
_d34566